Auta 2 : kniha samolepek /

Hlavní autor: Casey, Jo
Korporativní autor: Walt Disney Pictures
Jazyk: Čeština
Vydáno: V Praze : Egmont, 2011
Vydání: 1. vyd.
Edice: Disney (Egmont). Auta
Témata:
Fyzický popis: 8 s. : barev. il. ; 28 cm + samolepky (4 l.)
Knihy
Uloženo v:
LEADER 01534nam a2200469 a 4500
001 nkc20112237662
003 CZ PrNK
005 20211123080031.0
007 ta
008 111031s2011 xr af b 000 1 cze
015 |a cnb002237662 
020 |a 978-80-252-1689-7  |q (brož.) 
035 |a (OCoLC)768559789 
040 |a ABA001  |b cze 
041 1 |a cze  |h eng 
072 7 |a 821-93  |x Literatura pro děti a mládež (beletrie)  |2 Konspekt  |9 26 
080 |a 821-93  |2 MRF 
080 |a (084.1.029.2)  |2 MRF 
080 |a (076.1)  |2 MRF 
100 1 |a Casey, Jo  |7 mzk2009539578  |4 aut 
245 1 0 |a Auta 2 :  |b kniha samolepek /  |c [Jo Casey ; překlad Miloš Komanec] 
250 |a 1. vyd. 
260 |a V Praze :  |b Egmont,  |c 2011 
300 |a 8 s. :  |b barev. il. ;  |c 28 cm +  |e samolepky (4 l.) 
490 1 |a Disney. Auta 
500 |a Přeloženo z angličtiny 
500 |a Název z obálky 
500 |a Nad názvem: Disney, Pixar 
500 |a Samolepky všity uprostřed pub. 
655 7 |a publikace pro děti  |7 fd133156  |2 czenas 
655 7 |a samolepky  |7 fd119297  |2 czenas 
655 7 |a pracovní sešity  |7 fd133116  |2 czenas 
655 9 |a children's literature  |2 eczenas 
655 9 |a stickers  |2 eczenas 
655 9 |a activity books  |2 eczenas 
710 2 |a Walt Disney Pictures  |7 kn20081124002 
830 0 |a Disney (Egmont).  |p Auta  |0 s 
910 |a BOA001  |b 3-1275.478 
990 |a BK 
995 |a 01 
991 |b 201111  |e dn 
996 6 |b 2610493330  |c 3-1275.478  |l MZK  |r Sklad / do 1 hodiny  |n 0  |p p.v.  |w 001213894  |u 000010  |a 1  |e BOA001  |j MZK50  |s P